000 00561nam a2200193Ia 4500
003 GCL
008 140319s9999 xx 000 0 ara d
040 _aGCL /
_cGCL
082 0 4 _a811.1
_bع د
100 1 _aحسن كامل (معلق)
245 1 0 _aديوان عمرو بن قميئه /
_cحسن كامل (معلق)
700 1 _aعمرو بن قميئه بن ذريح
300 _a423 ص
490 _a100 قصة
_v0
650 0 4 _aالشعر العربى
650 0 4 _aالادب العربى
650 0 4 _aالعصر الجاهلى
942 _2ddc
_cBK
999 _c45620
_d45620